[Event "Let's Play 622"]
[Site "http://www.queenalice.com/game.php?id=1802891"]
[Date "2023.1.3"]
[Round "-"]
[White "digger"]
[Black "jsiebel"]
[Result "0-1"]
[WhiteElo "1598"]
[BlackElo "1520"]

1. e4 e5 2. d3 d5 3. Nc3 d4 4. Nce2 Nf6 5. Nf3 Nc6 6. Bd2 Bb4 7. c3 dxc3 8. bxc3
Bc5 9. Be3 Bxe3 10. fxe3 Bg4 11. Ng3 h5 12. Be2 h4 13. Nf1 O-O 14. d4 exd4 15.
e5 Ne4 16. Rc1 Nxc3 17. Qd2 Nxe2 18. Qxe2 d3 19. Qd2 h3 20. Nh4 Qxh4+ 21. g3 Qh7
22. Rc4 Nxe5 23. Qc3 Nf3+ 24. Kf2 Qg6 25. Rd4 c6 26. Rxd3 Rfd8 27. Rxd8+ Rxd8
28. a4 Rd3 29. Qc4 Ne5 30. Qc2 Qf5+ 31. Kg1 Nf3+ 32. Kf2 Nd4+ 33. Ke1 Nxc2# 0-1

[Event "Let's Play 623"]
[Site "http://www.queenalice.com/game.php?id=1802892"]
[Date "2023.1.3"]
[Round "-"]
[White "jsiebel"]
[Black "digger"]
[Result "0-1"]
[WhiteElo "1535"]
[BlackElo "1605"]

1. e4 e5 2. d4 Nc6 3. d5 Nce7 4. Nc3 Nf6 5. Bg5 Neg8 6. Bxf6 Qxf6 7. Nf3 d6 8.
Qd3 Bg4 9. O-O-O a6 10. h3 Bd7 11. g4 b5 12. g5 Qe7 13. h4 Rc8 14. h5 Bg4 15.
Be2 Bxf3 16. Qxf3 Qxg5+ 17. Kb1 h6 18. b4 Be7 19. Qh3 Kd8 20. a4 bxa4 21. Nxa4
Nf6 22. Rdg1 Qd2 23. Qd3 Qxb4+ 24. Qb3 Qxe4 25. Bf3 Qd4 26. Ka2 Qxf2 27. Qd3 Qa7
28. Rxg7 Ke8 29. c4 Kf8 30. Rhg1 Ke8 31. Bg4 Rb8 32. Rb1 Kf8 33. Rxb8+ Qxb8 0-1

[Event "Let's Play Chess!"]
[Site "http://www.queenalice.com/game.php?id=1803228"]
[Date "2023.1.3"]
[Round "-"]
[White "Charles56"]
[Black "jsiebel"]
[Result "0-1"]
[WhiteElo "1644"]
[BlackElo "1514"]

1. e4 e5 2. Nf3 Nc6 3. a3 d5 4. exd5 Qxd5 5. Nc3 Qd7 6. Bb5 a6 7. Ba4 b5 8. Bb3
Nf6 9. h3 e4 10. Qe2 Qf5 11. d4 Be7 12. Nd2 Nxd4 13. Qe3 Nxb3 14. cxb3 O-O 15.
O-O Bb7 16. b4 Rfd8 17. b3 Rd3 18. g4 Rxe3 19. gxf5 Rxc3 20. Bb2 Rxh3 21. Bxf6
Bxf6 22. Rad1 Re8 23. Rfe1 Bg5 24. Rc1 Bxd2 25. Red1 Bxc1 26. Rxc1 Re7 27. Rb1
e3 28. fxe3 Rh1+ 0-1

[Event "Let's Play Chess!"]
[Site "http://www.queenalice.com/game.php?id=1803229"]
[Date "2023.1.3"]
[Round "-"]
[White "jsiebel"]
[Black "Charles56"]
[Result "0-1"]
[WhiteElo "1521"]
[BlackElo "1546"]

1. e4 e5 2. Qh5 d6 3. Bc4 g6 4. Qe2 Bh6 5. Nf3 Be6 6. Bxe6 fxe6 7. Nc3 a6 8. O-O
g5 9. g4 Nc6 10. b3 Nge7 11. d4 exd4 12. Na4 e5 13. h3 Ng6 14. a3 Qe7 15. c4 Nf4
16. Bxf4 gxf4 17. h4 Qe6 18. Nh2 Kd7 19. f3 Bg7 20. Rab1 h5 21. g5 Qh3 22. Qg2
Qxh4 23. Kh1 Rhg8 24. g6 Bh6 25. b4 Ne7 26. c5 Rxg6 27. Qf2 Qf6 28. cxd6 Qxd6
29. Rg1 Rag8 30. Nc5+ Kc8 31. Rgd1 Rg2 32. Qh4 Qg6 33. Qxe7 Rxh2+ 0-1

[Event "AUTO-INT-3792"]
[Site "http://www.queenalice.com/game.php?id=1803278"]
[Date "2023.1.4"]
[Round "1"]
[White "Curie"]
[Black "jsiebel"]
[Result "0-1"]
[WhiteElo "1538"]
[BlackElo "1460"]

1. e4 e5 2. d3 Nc6 3. Nf3 Nf6 4. Nc3 Bb4 5. a3 Bxc3+ 6. bxc3 O-O 7. d4 exd4 8.
Bg5 dxc3 9. Bd3 h6 10. Bf4 d5 11. a4 dxe4 12. Be2 exf3 13. Bxf3 Qxd1+ 14. Rxd1
Re8+ 15. Be3 Bf5 16. Rc1 Rad8 17. O-O g5 18. h3 Kg7 19. g4 Bg6 20. Bd1 Be4 21.
f3 Bd5 22. Bf2 Bc4 23. Be2 Rxe2 24. Bg3 Rdd2 25. Bf2 a5 26. Kg2 Rxc2 27. Kg3 h5
28. gxh5 Nxh5+ 29. Kh2 Rxc1 30. Rxc1 Rxf2+ 31. Kg1 Rxf3 32. Re1 c2 33. Kg2 Rg3+
34. Kh2 Nd4 35. Re4 Bf1 36. Re1 Nf3+ 0-1

[Event "AUTO-INT-3792"]
[Site "http://www.queenalice.com/game.php?id=1803279"]
[Date "2023.1.4"]
[Round "1"]
[White "jsiebel"]
[Black "Curie"]
[Result "1-0"]
[WhiteElo "1472"]
[BlackElo "1557"]

1. e4 e5 2. Nf3 Nc6 3. Nc3 Nf6 4. d4 d5 5. dxe5 dxe4 6. Qxd8+ Nxd8 7. exf6 Bf5
8. Nd4 Bg4 9. fxg7 Bxg7 10. Ndb5 Ne6 11. Nxe4 O-O-O 12. Nd2 Kb8 13. Bc4 a6 14.
Nc3 Bf5 15. Nde4 Rd7 16. Bxe6 fxe6 17. Nc5 Rd4 18. O-O Be5 19. Ne2 Rc4 20. Nd7+
Kc8 21. Nxe5 Re4 22. Nf7 Rf8 23. Nh6 Bg6 24. Nc3 Rd4 25. Bg5 Bxc2 26. Rae1 Bd3
27. Rd1 e5 28. Be3 Rf6 29. Ng8 Rf8 30. Ne7+ Kb8 31. Bxd4 Bxf1 32. Kxf1 Rd8 33.
Bxe5 Re8 34. Rd7 Ka7 35. Rxc7 Kb6 36. Ned5+ Ka5 37. b4# 1-0

[Event "AUTO-INT-3792"]
[Site "http://www.queenalice.com/game.php?id=1803296"]
[Date "2023.1.4"]
[Round "1"]
[White "jsiebel"]
[Black "wj64"]
[Result "1-0"]
[WhiteElo "1466"]
[BlackElo "1611"]

1. e4 e5 2. Nf3 Bd6 3. Nc3 c6 4. d4 exd4 5. Nxd4 b5 6. a4 b4 7. Nce2 a5 8. b3
Be5 9. f4 Bd6 10. e5 Bc5 11. g3 Bb6 12. f5 d6 13. exd6 Qxd6 14. Bf4 Qd5 15. Rg1
Nf6 16. Bg2 Qc5 17. Qd3 Ba6 18. Qe3+ Qe7 19. Qxe7+ Kxe7 20. Nxc6+ Nxc6 21. Rf1
Rhd8 22. Bxc6 Rac8 23. Bf3 Bc7 24. c4 Bxf4 25. gxf4 Rc5 26. Rd1 Rxf5 27. Rxd8
Kxd8 28. Kd1 Rc5 29. Nc1 Rc7 30. Kc2 Nd7 31. Rg1 g6 32. h4 h5 33. Rd1 Ke7 34.
Nd3 Kf6 35. Bd5 Bb7 36. Bxb7 Rxb7 37. Re1 Kg7 38. Re7 Kf8 39. Re4 Nf6 40. Re5
Ra7 41. Nc5 Ng4 42. Re2 Nf6 43. Kc1 Rc7 44. Re5 Ne8 45. f5 f6 46. Rd5 Kg7 47.
Ne6+ Kh6 48. Nxc7 Nxc7 49. Rxa5 g5 50. hxg5+ Kxg5 51. c5 h4 52. Ra7 Nd5 53. c6
h3 54. Rh7 Kg4 55. a5 Kg3 56. a6 h2 57. a7 Nb6 58. c7 Kg2 59. c8=Q Nxc8 60.
a8=Q+ Kg3 61. Qa2 Nd6 62. Qxh2+ Kf3 63. Rh3+ Kg4 64. Rh6 Nxf5 65. Rxf6 Kg5 66.
Rb6 Ne3 67. Qh6+ Kf5 68. Qxe3 1-0

[Event "AUTO-INT-3792"]
[Site "http://www.queenalice.com/game.php?id=1803297"]
[Date "2023.1.4"]
[Round "1"]
[White "wj64"]
[Black "jsiebel"]
[Result "1-0"]
[WhiteElo "1552"]
[BlackElo "1506"]

1. e4 e5 2. g3 d5 3. Bd3 d4 4. Qf3 Nf6 5. h3 Nc6 6. g4 g5 7. Bc4 Bc5 8. d3 Be6
9. Bxe6 fxe6 10. Bxg5 O-O 11. Qg3 Rf7 12. Nf3 Kg7 13. Qh4 Kh8 14. O-O Qg8 15.
Bxf6+ Rxf6 16. Nbd2 h6 17. Qxf6+ Qg7 18. Qxe6 Rf8 19. Nh4 a5 20. Ng6+ Kh7 21.
Nxf8+ Bxf8 22. Qf5+ Kh8 23. Nf3 Ne7 24. Qh5 c5 25. Nxe5 Kh7 26. Nd7 Ng6 27. Qf5
Kh8 28. Qf6 Qxf6 29. Nxf6 Nf4 30. Kh2 Bd6 31. Kg1 Nxh3+ 32. Kg2 Nf4+ 33. Kf3 b5
34. Rh1 Kg7 35. Nh5+ Kg6 36. Nxf4+ Bxf4 37. Kxf4 b4 38. Rh5 a4 39. Rxc5 1-0

[Event "AUTO-INT-3792"]
[Site "http://www.queenalice.com/game.php?id=1803298"]
[Date "2023.1.4"]
[Round "1"]
[White "jsiebel"]
[Black "kamikaze"]
[Result "0-1"]
[WhiteElo "1492"]
[BlackElo "1716"]

1. e4 e5 2. Nf3 Nc6 3. d4 exd4 4. Nxd4 d6 5. Nxc6 bxc6 6. Nc3 Nf6 7. Bg5 Be7 8.
Bxf6 Bxf6 9. Be2 O-O 10. f4 Rb8 11. f5 Re8 12. O-O Rxb2 13. Na4 Rb4 14. Nc3 Bxc3
15. Rb1 Rxb1 16. Qxb1 Be5 17. Bg4 Qh4 18. h3 Qd8 19. Qb8 Ba6 20. Qxa7 Bxf1 21.
Kxf1 Qb8 22. Qa4 Qb5+ 23. Qxb5 cxb5 24. h4 Ra8 0-1

[Event "AUTO-INT-3792"]
[Site "http://www.queenalice.com/game.php?id=1803299"]
[Date "2023.1.4"]
[Round "1"]
[White "kamikaze"]
[Black "jsiebel"]
[Result "1-0"]
[WhiteElo "1775"]
[BlackElo "1477"]

1. d4 d5 2. c4 dxc4 3. Nc3 Bf5 4. e4 Bg6 5. Nf3 f5 6. e5 e6 7. Bxc4 Bf7 8. O-O
c5 9. Be3 cxd4 10. Bxd4 Ne7 11. Re1 Nbc6 12. Be3 Qxd1 13. Raxd1 a5 14. Bb5 g6
15. Ng5 Bg7 16. Nxf7 Kxf7 17. a3 Bxe5 18. Rd7 Rhd8 19. Rxb7 Nd4 20. Ba4 f4 21.
Bd2 Rac8 22. Rxe5 Kf6 23. Bxf4 Rd5 24. Ne4+ Kg7 25. Kf1 Rxe5 26. Bxe5+ Kf8 27.
Bxd4 Rc4 28. Bc5 Rxa4 29. Bxe7+ Kg7 30. Nc5 1-0

[Event "AUTO-OPEN-4414"]
[Site "http://www.queenalice.com/game.php?id=1803325"]
[Date "2023.1.5"]
[Round "1"]
[White "BeatifulDevil56"]
[Black "jsiebel"]
[Result "1-0"]
[WhiteElo "1989"]
[BlackElo "1465"]

1. Nf3 d5 2. d4 Nc6 3. Bf4 Nf6 4. h3 h5 5. Bh2 g6 6. Nc3 h4 7. e3 Bh6 8. a3 Ne4
9. Nxe4 dxe4 10. Nd2 f5 11. c3 Be6 12. c4 a5 13. d5 Bxd5 14. cxd5 Nb8 15. Be5
Rf8 16. Nb3 Na6 17. Bxa6 Rxa6 18. Nc5 Rd6 19. Bxd6 exd6 20. Ne6 Qe7 21. Rc1 c6
22. dxc6 Qxe6 23. cxb7 Kf7 24. Rc7+ Kf6 25. Qd4+ Kg5 26. Qb6 Rb8 27. Qxa5 Qb3
28. Qd2 d5 29. O-O Rxb7 30. Rxb7 Qxb7 31. Rd1 1-0

[Event "AUTO-OPEN-4414"]
[Site "http://www.queenalice.com/game.php?id=1803326"]
[Date "2023.1.5"]
[Round "1"]
[White "jsiebel"]
[Black "BeatifulDevil56"]
[Result "0-1"]
[WhiteElo "1467"]
[BlackElo "1987"]

1. e4 e5 2. Nf3 Nc6 3. d4 exd4 4. Nxd4 Nxd4 5. Qxd4 Qf6 6. e5 Qb6 7. Qxb6 axb6
8. Bd3 d6 9. exd6 Bxd6 10. O-O Ne7 11. Nc3 O-O 12. a4 Bf5 13. Bxf5 Nxf5 14. g4
Nd4 15. Be3 Nxc2 16. Rae1 Nxe1 17. Rxe1 Rfe8 18. f4 Bxf4 19. Nd5 Bxe3+ 20. Nxe3
Rxa4 21. g5 Ra5 22. Kf2 Rxg5 23. b4 h6 24. Kf3 Rge5 25. h4 Rxe3+ 26. Rxe3 Rxe3+
27. Kxe3 f6 28. h5 Kf7 29. Ke4 g6 30. hxg6+ Kxg6 0-1

[Event "AUTO-OPEN-4414"]
[Site "http://www.queenalice.com/game.php?id=1803353"]
[Date "2023.1.5"]
[Round "1"]
[White "Lucasbarbaruiva"]
[Black "jsiebel"]
[Result "1-0"]
[WhiteElo "1834"]
[BlackElo "1476"]

1. e4 e5 2. d3 Bc5 3. Be3 Bxe3 4. fxe3 Nf6 5. Nc3 d5 6. exd5 Nxd5 7. Qf3 Nxc3 8.
bxc3 O-O 9. e4 Qh4+ 10. g3 Qf4 11. gxf4 exf4 12. Qxf4 Nc6 13. Qxc7 a5 14. Bg2 a4
15. Nf3 h5 16. O-O a3 17. Rab1 Ra7 18. Ne5 Nxe5 19. Qxe5 g6 20. Rb3 Be6 21. Rf6
Bxb3 22. cxb3 b6 23. Qb5 Rb8 24. e5 Ra5 25. Qd7 Rf8 26. d4 1-0

[Event "AUTO-OPEN-4414"]
[Site "http://www.queenalice.com/game.php?id=1803354"]
[Date "2023.1.5"]
[Round "1"]
[White "jsiebel"]
[Black "Lucasbarbaruiva"]
[Result "0-1"]
[WhiteElo "1482"]
[BlackElo "1860"]

1. e4 e5 2. Nf3 d6 3. Bc4 Be6 4. Bxe6 fxe6 5. O-O Nf6 6. Nc3 Be7 7. d3 Nc6 8.
Ng5 Qd7 9. f4 O-O 10. fxe5 Nxe5 11. b4 a6 12. d4 Ng6 13. e5 dxe5 14. dxe5 Qxd1
15. Rxd1 Nxe5 16. Nxe6 Rfc8 17. Bf4 Nc6 18. b5 axb5 19. h4 b4 20. Nb5 h6 21.
Nbxc7 Rxc7 22. Nxc7 Rd8 23. Rxd8+ Bxd8 24. Ne6 Bb6+ 25. Kf1 Nd4 26. Nxd4 Bxd4
27. Rb1 Bc3 28. Bd6 Nd5 29. Rb3 Ne3+ 30. Kf2 Nxc2 31. g4 Nd4 32. Rb1 Kf7 33. Rf1
Ke6 34. Bf4 Kf6 35. Ke3 Ke6 36. h5 Nc2+ 37. Ke4 b5 38. Rd1 Na3 39. g5 hxg5 40.
Bxg5 Nc4 41. h6 gxh6 42. Bxh6 Nd6+ 43. Kf3 Nf5 44. Bg5 Nd4+ 45. Ke4 Nf5 46. Rd5
Nd6+ 47. Rxd6+ Kxd6 48. Bf4+ Kc5 49. Be3+ Kc4 50. Bc1 b3 0-1

[Event "AUTO-OPEN-4414"]
[Site "http://www.queenalice.com/game.php?id=1803371"]
[Date "2023.1.5"]
[Round "1"]
[White "Esvir"]
[Black "jsiebel"]
[Result "1-0"]
[WhiteElo "1968"]
[BlackElo "1522"]

1. e4 e5 2. Nf3 Nc6 3. Bc4 Bc5 4. d3 Nf6 5. h3 d6 6. Nc3 O-O 7. a3 a5 8. O-O Bd4
9. Nxd4 exd4 10. Ne2 Be6 11. Bxe6 b5 12. Bd5 Nxd5 13. exd5 Ne5 14. Nxd4 Rb8 15.
Bf4 b4 16. Bxe5 dxe5 17. Nc6 Qd6 18. Nxb8 Rxb8 19. axb4 Qxb4 20. b3 Rd8 21. c4
Qc3 22. Rc1 Qd4 23. Re1 f6 24. Re4 f5 25. Rxd4 exd4 26. Qe2 h6 27. Qe6+ 1-0

[Event "AUTO-OPEN-4414"]
[Site "http://www.queenalice.com/game.php?id=1803372"]
[Date "2023.1.5"]
[Round "1"]
[White "jsiebel"]
[Black "Esvir"]
[Result "0-1"]
[WhiteElo "1478"]
[BlackElo "1960"]

1. e4 e5 2. Nf3 d6 3. Nc3 Nf6 4. Bc4 h6 5. O-O c6 6. d4 exd4 7. Nxd4 Be7 8. a4
O-O 9. Nf5 Bxf5 10. exf5 d5 11. Bd3 Nbd7 12. b4 Bxb4 13. Bb2 Nc5 14. Ba3 Nxd3
15. Qxd3 Bxa3 16. Rxa3 Qd6 17. Nb1 Ne4 18. a5 Qf4 19. Qf3 Qxf3 20. gxf3 Nf6 21.
Re3 b6 22. a6 c5 23. h4 d4 24. Re7 Nd5 25. Re5 Nf4 26. Kh2 d3 27. c4 g6 28. f6
Nh5 0-1

[Event "AUTO-INT-3768"]
[Site "http://www.queenalice.com/game.php?id=1803401"]
[Date "2023.1.6"]
[Round "2"]
[White "jsiebel"]
[Black "Castling"]
[Result "0-1"]
[WhiteElo "1479"]
[BlackElo "1553"]

1. e4 e5 2. Qh5 Nc6 3. Bc4 Qf6 4. Nf3 d6 5. Nc3 Be6 6. Bxe6 Qxe6 7. O-O Nf6 8.
Qh3 Qxh3 9. gxh3 Nh5 10. a4 Nf4 11. d3 Nxh3+ 12. Kh1 Nf4 13. Bxf4 exf4 14. Rg1
O-O-O 15. Nd5 h6 16. b4 g5 17. b5 Ne5 18. Nxe5 dxe5 19. c4 Bc5 20. a5 Bxf2 21.
Ne7+ Kb8 22. Rgf1 Bd4 23. Rab1 Bc5 24. Nd5 b6 25. a6 Kc8 26. Rf3 Rhe8 27. Kg2
Bd4 28. Nf6 Re6 29. Nh5 Be3 30. Ng7 Red6 31. Nf5 Rxd3 32. Nxe3 Rxe3 33. Rxe3
fxe3 34. Kf3 Rd3 35. Re1 Kd7 36. Rxe3 Rxe3+ 37. Kxe3 c5 38. bxc6+ Kxc6 39. h3 b5
40. cxb5+ Kxb5 0-1

[Event "AUTO-INT-3768"]
[Site "http://www.queenalice.com/game.php?id=1803402"]
[Date "2023.1.6"]
[Round "2"]
[White "Castling"]
[Black "jsiebel"]
[Result "1-0"]
[WhiteElo "1548"]
[BlackElo "1491"]

1. e4 e5 2. Bc4 Qh4 3. d3 Bc5 4. Qf3 Nc6 5. Qxf7+ Kd8 6. Nc3 Qe7 7. Nf3 Qxf7 8.
Bxf7 Nf6 9. Bg5 d6 10. Bd5 Bg4 11. O-O-O Bxf2 12. h3 Bxf3 13. gxf3 h6 14. Bxf6+
gxf6 15. Be6 Re8 16. Bf5 Nd4 17. Rdf1 Be3+ 18. Kd1 Nxf5 19. Nd5 Bd4 20. exf5 Rf8
21. f4 c6 22. fxe5 dxe5 23. Rh2 Bxb2 24. c3 b5 25. Rxb2 a5 26. Rg1 cxd5 27. Rg7
e4 28. dxe4 dxe4 29. Rd2+ Kc8 30. Rdd7 Rd8 31. Rxd8+ Kxd8 32. Rg8+ Kc7 33. Rxa8
a4 34. Rh8 1-0

[Event "AUTO-INT-3768"]
[Site "http://www.queenalice.com/game.php?id=1803403"]
[Date "2023.1.6"]
[Round "2"]
[White "jsiebel"]
[Black "sorim1"]
[Result "0-1"]
[WhiteElo "1488"]
[BlackElo "1743"]

1. e4 c5 2. e5 Nc6 3. Nf3 g6 4. c4 Bg7 5. Qe2 Qc7 6. Nc3 Nxe5 7. Nd5 Qd6 8. Nc3
Nxf3+ 9. Qxf3 Nf6 10. Bd3 O-O 11. O-O a6 12. Nd5 Nxd5 13. Qxd5 Qxd5 14. cxd5 b5
15. a4 c4 16. Bc2 Bb7 17. Be4 d6 18. f4 Bd4+ 19. Kh1 e6 20. d3 cxd3 21. axb5
axb5 22. Rxa8 Rxa8 23. dxe6 Bxe4 24. exf7+ Kxf7 25. h4 Ra1 26. b4 Be3 27. Kh2
Bxc1 28. Kg3 d2 29. Kf2 Bb2 30. Rxa1 Bxa1 31. Ke2 Bc3 0-1

[Event "AUTO-INT-3768"]
[Site "http://www.queenalice.com/game.php?id=1803404"]
[Date "2023.1.6"]
[Round "2"]
[White "sorim1"]
[Black "jsiebel"]
[Result "1-0"]
[WhiteElo "1709"]
[BlackElo "1485"]

1. e4 e5 2. Nf3 Nc6 3. Bc4 Nf6 4. Ng5 Nxe4 5. Bxf7+ Ke7 6. Qf3 d5 7. d3 Kd6 8.
dxe4 dxe4 9. Qxe4 Ke7 10. Bd5 Qd6 11. Nf7 Rg8 12. Nxd6 cxd6 13. Bxg8 Be6 14.
Bxh7 d5 15. Qh4+ Kd6 16. O-O Be7 17. Qg3 Rh8 18. Bd3 g5 19. Nc3 Nd4 20. Re1 Bf6
21. Bxg5 Bxg5 22. Qxe5+ 1-0

[Event "AUTO-INT-3764"]
[Site "http://www.queenalice.com/game.php?id=1803518"]
[Date "2023.1.8"]
[Round "2"]
[White "driver2022"]
[Black "jsiebel"]
[Result "1-0"]
[WhiteElo "1783"]
[BlackElo "1471"]

1. e4 e5 2. Nf3 Nc6 3. Bc4 Nf6 4. d3 Bc5 5. Be3 Bxe3 6. fxe3 O-O 7. Nc3 b6 8.
Qe2 a6 9. a3 d6 10. O-O Bg4 11. Nd5 Nxd5 12. Bxd5 Qe8 13. Qd2 a5 14. Ng5 b5 15.
Qc3 Ra6 16. h3 Be6 17. Nxe6 fxe6 18. Bxc6 Rxc6 19. Qd2 Rxf1+ 20. Kxf1 Qf7+ 21.
Kg1 a4 22. Rc1 d5 23. exd5 exd5 24. Rf1 Rf6 25. Re1 g5 26. e4 d4 27. Qxg5+ Rg6
28. Qd2 c5 29. c3 dxc3 30. bxc3 Qf3 31. Rf1 Qxh3 32. Rf5 Kg7 33. Rxe5 Qd7 34.
Rxc5 h5 35. Rxh5 Qg4 36. Rxb5 Qh3 37. Rf5 1-0

[Event "AUTO-INT-3764"]
[Site "http://www.queenalice.com/game.php?id=1803519"]
[Date "2023.1.8"]
[Round "2"]
[White "jsiebel"]
[Black "driver2022"]
[Result "0-1"]
[WhiteElo "1463"]
[BlackElo "1787"]

1. e4 e5 2. Nf3 Nc6 3. d4 d6 4. dxe5 dxe5 5. Qxd8+ Kxd8 6. Bg5+ f6 7. Be3 Bd7 8.
Bb5 Nge7 9. Bc5 a6 10. Bxc6 Bxc6 11. O-O Bxe4 12. Rd1+ Kc8 13. Na3 Bxf3 14. gxf3
Ng6 15. Bxf8 Rxf8 16. Nc4 b6 17. b4 b5 18. Ne3 Kb7 19. Rd7 Nh4 20. Nd5 Rac8 21.
f4 Kc6 22. Nxc7 Rxc7 23. Rd3 exf4 24. Re1 Kb7 25. c3 g5 26. Re6 Rc6 27. Rd7+ Rc7
28. Rxc7+ Kxc7 29. Rxa6 Nf3+ 30. Kh1 Ne5 31. Ra7+ Kb6 32. Rxh7 Nd3 33. Kg1 Ne5
34. Kg2 f3+ 35. Kg3 g4 36. Re7 Ng6 37. Re4 Ne5 0-1

[Event "AUTO-INT-3764"]
[Site "http://www.queenalice.com/game.php?id=1803520"]
[Date "2023.1.8"]
[Round "2"]
[White "gmxian89"]
[Black "jsiebel"]
[Result "1-0"]
[WhiteElo "2501"]
[BlackElo "1474"]

1. e4 e5 2. Nf3 Nc6 3. Bb5 Nf6 4. O-O Nxe4 5. Re1 Bc5 6. Rxe4 O-O 7. Bxc6 dxc6
8. Rxe5 Bd6 9. Re1 c5 10. d4 Bg4 11. dxc5 Bxc5 12. Qxd8 Raxd8 13. Bf4 Bxf3 14.
gxf3 c6 15. Nd2 b5 16. Nb3 Bd6 17. Be3 Rfe8 18. Bxa7 Bf4 19. Nd4 Re5 20. Rxe5 f6
21. Re7 Rxd4 22. Bxd4 Bg5 23. a4 bxa4 24. Rxa4 1-0

[Event "AUTO-INT-3764"]
[Site "http://www.queenalice.com/game.php?id=1803521"]
[Date "2023.1.8"]
[Round "2"]
[White "jsiebel"]
[Black "gmxian89"]
[Result "0-1"]
[WhiteElo "1473"]
[BlackElo "2509"]

1. e4 e5 2. Nf3 Nc6 3. d4 exd4 4. Nxd4 Nf6 5. Bf4 Nxe4 6. Nxc6 dxc6 7. Qxd8+
Kxd8 8. f3 Bb4+ 9. c3 Bd6 10. Bxd6 Nxd6 11. Na3 Be6 12. Bd3 a5 13. O-O c5 14. g4
a4 15. h4 h5 16. g5 c6 17. f4 Re8 18. f5 Bd5 19. f6 c4 20. Bc2 gxf6 21. Rxf6 Kd7
22. g6 fxg6 23. Bxg6 Rg8 24. Re1 Ne4 25. Ref1 Nxf6 26. Rxf6 Ke7 0-1